¿Cuántos son? - Estadísticas

Estadísticas generales
  • Esta prueba ha sido intentada 24 veces
  • La puntuación promedio es 4 de 13
Estadísticas de respuestas
Hint Respuesta % Correcto
Número de bolas que tiene oficialmente el bingo. 75 o 90
67%
Número de consonantes que tiene la palabra "electrocardiograma". 10
61%
Número de días que tendrá el año 2200, si el calendario sigue como hasta ahora. 365
56%
Número de comunidades autonómas uniprovinciales en España. 7
56%
Número de países (según JetPunk). 196
22%
Número de ojos que tienen las iguanas generalmente. 3
22%
Número (aproximado a centenas de millar) de km² que tiene España. 500.000
22%
Número de países americanos que son monarquías absolutas. 0
11%
Número de elementos de la tabla periódica cuyo símbolo atómico tenga una letra. 13
11%
Número de veces más que son las categorías gramaticales que los verbos copulativos en español. 3
11%
Número de versos que tiene una copla. 4
11%
Número (aproximado a centenas de millones) de personas que tiene China según la página de la advertencia. 1400.000.000
6%
Número de plantas que tiene el Burj Khalifa. 163
6%
No se encontraron pruebas coincidentes
Distribución de puntuación
Porcentaje de gente con cada puntuación
Porcentaje por número respondido
Historial de tus puntuaciones
No has intentado esta prueba.